|
|
|
|
| LEADER |
00960nam a2200241 i 4500 |
| 001 |
c000032343 |
| 003 |
CARM |
| 005 |
00000000000000.0 |
| 008 |
841026s1975 xx eng d |
| 019 |
1 |
|
|a 9708239
|5 LACONCORD2021
|
| 035 |
|
|
|a (OCoLC)221941237
|5 LACONCORD2021
|
| 245 |
0 |
0 |
|a Usa Zeichnungen 3. 15 Mai-29 Juni, 1975 /
|c Stadtisches Museum Leverkusen, Schloss Morsbroich.
|
| 260 |
|
|
|a Leverkusen :
|b Stadtisches Museum,
|c 1975?.
|
| 300 |
|
|
|a 139 p. :
|b chiefly ill.
|
| 500 |
|
|
|a Radaktion: rolf Wedewer und Rolf Ricke.
|
| 500 |
|
|
|a Text in German and English.
|
| 650 |
|
0 |
|a Drawing
|z United States
|x Exhibitions.
|
| 700 |
1 |
|
|a Wedewer, Rolf.
|
| 700 |
1 |
|
|a Ricke, Rolf.
|
| 710 |
2 |
0 |
|a Stadtisches Museum (Leverkusen)
|
| 852 |
8 |
|
|b CARM
|h A3:AB07D4
|i D00619
|p 0041391
|f BK
|
| 999 |
f |
f |
|i 1ff5c0f9-1841-5c22-9bb2-6cceff595182
|s 6d9c0e2f-5a68-5ad9-aec3-1b66d45571e8
|
| 952 |
f |
f |
|p Can circulate
|a CAVAL
|b CAVAL
|c CAVAL
|d CARM 1 Store
|e D00619
|f A3:AB07D4
|h Other scheme
|i book
|m 0041391
|